Online katalóg knižníc regiónu Turca

Veľká vlna (Record no. 22375)

MARC details
000 -LEADER
fixed length control field 01333nam a2200481 a 4500
001 - CONTROL NUMBER
control field 22375
003 - CONTROL NUMBER IDENTIFIER
control field VRT
005 - DATE AND TIME OF LATEST TRANSACTION
control field 20260327081405.0
008 - FIXED-LENGTH DATA ELEMENTS--GENERAL INFORMATION
fixed length control field 140422s2013 xo d 000 f slo d
015 ## - NATIONAL BIBLIOGRAPHY NUMBER
National bibliography number SNBA2014/02
020 ## - INTERNATIONAL STANDARD BOOK NUMBER
International Standard Book Number 9788022206730 (viaz.)
035 ## - SYSTEM CONTROL NUMBER
System control number a000502939
039 #9 - LEVEL OF BIBLIOGRAPHIC CONTROL AND CODING DETAIL [OBSOLETE]
Level of rules in bibliographic description 201405210839
Level of effort used to assign nonsubject heading access points uhliarova
Level of effort used to assign subject headings 201405131336
Level of effort used to assign classification kucmanj
Level of effort used to assign subject headings 201404220937
Level of effort used to assign classification edita
040 ## - CATALOGING SOURCE
Original cataloging agency POKPOH
Language of cataloging slo
Transcribing agency UKB
Modifying agency SNK
Description conventions AACR2
041 0# - LANGUAGE CODE
Language code of text/sound track or separate title slo
044 ## - COUNTRY OF PUBLISHING/PRODUCING ENTITY CODE
MARC country code xo
ISO country code SK
072 #7 - SUBJECT CATEGORY CODE
Subject category code 821.162.4-3
Subject category code subdivision Slovenská próza
Source konspekt
080 ## - UNIVERSAL DECIMAL CLASSIFICATION NUMBER
Universal Decimal Classification number 821.162.4-31
Edition identifier 2001
080 ## - UNIVERSAL DECIMAL CLASSIFICATION NUMBER
Universal Decimal Classification number (0:82-31)
Edition identifier 2001
100 1# - MAIN ENTRY--PERSONAL NAME
Personal name Bartková, Alica,
Dates associated with a name 1982-
245 10 - TITLE STATEMENT
Title Veľká vlna
Statement of responsibility, etc. Alica Bartková ; [verše preložila Elena Šikulová]
250 ## - EDITION STATEMENT
Edition statement 1. vyd.
260 ## - PUBLICATION, DISTRIBUTION, ETC.
Place of publication, distribution, etc. Bratislava
Name of publisher, distributor, etc. Tatran
Date of publication, distribution, etc. 2013
300 ## - PHYSICAL DESCRIPTION
Extent 117, [1] s.
490 1# - SERIES STATEMENT
Series statement Slovenská tvorba
Volume/sequential designation zv. 118
653 ## - INDEX TERM--UNCONTROLLED
Uncontrolled term 821.162.4-31
653 ## - INDEX TERM--UNCONTROLLED
Uncontrolled term (0:82-31)
655 #7 - INDEX TERM--GENRE/FORM
Genre/form data or focus term slovenské romány
Source of term UKBPH
700 1# - ADDED ENTRY--PERSONAL NAME
Personal name Šikulová, Elena
Relationship trl
830 #0 - SERIES ADDED ENTRY--UNIFORM TITLE
Uniform title Slovenská tvorba
910 ## - USER-OPTION DATA (OCLC)
User-option data snk
910 ## - USER-OPTION DATA (OCLC)
User-option data pppk
910 ## - USER-OPTION DATA (OCLC)
User-option data hevk
910 ## - USER-OPTION DATA (OCLC)
User-option data vthk
910 ## - USER-OPTION DATA (OCLC)
User-option data svkbb
910 ## - USER-OPTION DATA (OCLC)
User-option data sllk
910 ## - USER-OPTION DATA (OCLC)
User-option data pokpoh
910 ## - USER-OPTION DATA (OCLC)
User-option data ttkjf
910 ## - USER-OPTION DATA (OCLC)
User-option data ukb
942 ## - ADDED ENTRY ELEMENTS (KOHA)
Source of classification or shelving scheme Dewey Decimal Classification
Koha item type Krásna literatúra pre dospelých
Suppress in OPAC No
949 ## - LOCAL PROCESSING INFORMATION (OCLC)
6 1800630578
a SL.D.96643
b PV.4233-2014
949 ## - LOCAL PROCESSING INFORMATION (OCLC)
6 1800630579
a SK.D.63104
b PV.4234-2014
s 6707:20140521
Holdings
Stav vyradenia Strata Poškodenie Spôsob nadobudnutia Domovská knižnica Aktuálna knižnica Dátum nadobudnutia Total checkouts Čiarový kód exemplára Date last seen Typ exemplára
      Dar Obecná knižnica Turčianska Štiavnička Obecná knižnica Turčianska Štiavnička 27.03.2026   4738000772 27.03.2026 Krásna literatúra pre dospelých
Projekt je podporený Slovenskou asociáciou knižníc
Prevádzkuje Turčianska knižnica Martin 2026